000 00670nam a22002177a 4500
003 UA-OsUOA
001 131083
007 ta
008 20180521b un ||||| |||| 00| 0 ukr d
100 _aДубина М. В.
090 _a330
_bД79
942 _cSA
040 _aUA-OsUOA
_bukr
_cUA-OsUOA
_dUA-OsUOA
245 _aЕкономіко-статистична оцінка фінансової стійкості місцевих бюджетів України
300 _aС.31-47
955 _a0
041 _aukr
080 _a330
773 0 _w131079
_tСтатистика України
_dК.
_d2017
_g4
650 7 _a330 Економіка взагалі
_2UDC
999 _c419329
_d419329